Petit Bac (Géographie) - Lettre R - Statistiques

Statistiques générales
  • Ce quiz a été pris 473 fois
    118 depuis la dernière actualisation
  • Le résultat moyen est 8 sur 12
Statistiques - réponses
Hint Réponse % Correct
Pays d'Afrique Rwanda / République Centrafricaine / République du Congo +1
99%
Pays d'Europe Royaume-Uni / Russie / République Tchèque / Roumanie
97%
Capitale Rabat / Roseau / Riga / Reykjavik / Riyad +2
91%
Préfecture Rouen / Rennes / La Roche-sur-Yon / Rodez
91%
Département français Rhône / La Réunion
86%
Ville de l'Union Européenne de plus de 100 000 habitants (hors capitale) Rimini / Rotterdam / Reims / Rostock / Roussé +4
74%
Fleuve de plus de 1 000 km Rhin / Río Grande / Rouge du Sud / Rivière des Perles +3
74%
États des États-Unis Rhode Island
69%
Ville de plus de 5 millions d'habitants Riyad / Rio de Janeiro / Rangoun
66%
Ville des Etats-Unis de plus de 200 000 habitants Raleigh / Reno / Richmond / Riverside / Rochester
33%
Land allemand Rhénanie-Palatinat / Rhénanie-du-Nord-Westphalie
19%
Ville du Canada de plus de 100 000 habitants Richmond / Regina / Red Deer / Richmond Hill
12%
Aucun quiz correspondant
Distribution des résultats
% des personnes avec chaque résultat
Percentile par nombre de réponses
Votre historique - résultats
Vous n’avez pas pris ce quiz depuis la dernière actualisation